000
00324nam a22001457a 4500
003
SGT
020
_a
938426675-2
082
_a
615
_b
HAR
100
_a
HARSHITA, MS.
245
_a
PHARMACEUTICS -I LABORATORY MANUAL
260
_a
INDIA
_b
BIRLA PUB.
_c
2025
300
_a
204
650
_a
PHARMACEUTICS
942
_2
ddc
_c
BK
999
_c
33014
_d
33014